000 00616nam a22002177a 4500
003 OSt
005 20140310182951.0
008 130206t xxu||||| |||| 00| 0 eng d
020 _a9780976331650
050 _aDS 6758
_b.L925 2011
082 _aF959.90
_b.R627 2011
245 _aRemembering Rizal :
_bvoices from the diaspora
_cLozada, Edwin A.
250 _a1st ed.
260 _aSan Francisco, CA :
_bPhilippine American Writers and Artists, Inc. ,
_c2011
300 _a320 p.
_c22cm.
521 _acollege students
526 _c1210L-1700L
541 _j1
562 _e1
942 _2lcc
_cBK
_kFIL
999 _c17901
_d17901